Central Library and Information Centre
Sibsagar Girls' College, Sivasagar : Assam

BEZBARUAH SAHITYA CHAYAN (LAXMINATH BEZBARUAH R NIRBACHITA RACHANA SANGRAH) (Record no. 20178)

MARC details
000 -LEADER
fixed length control field 00491cam a2200181ua 4500
008 - FIXED-LENGTH DATA ELEMENTS--GENERAL INFORMATION
fixed length control field 140719n II |||gr||||Z||||||asm
040 ## - CATALOGING SOURCE
Original cataloging agency MAIN
041 ## - LANGUAGE CODE
-- English
082 ## - DEWEY DECIMAL CLASSIFICATION NUMBER
Classification number 891.451 HAZ
100 ## - MAIN ENTRY--PERSONAL NAME
Personal name HAZARIKA, KARABI DEKA (Ed./-).
245 ## - TITLE STATEMENT
Title BEZBARUAH SAHITYA CHAYAN (LAXMINATH BEZBARUAH R NIRBACHITA RACHANA SANGRAH)
250 ## - EDITION STATEMENT
Edition statement 1ST.
260 ## - PUBLICATION, DISTRIBUTION, ETC.
Place of publication, distribution, etc. GUWAHATI:
Name of publisher, distributor, etc. ASOM PUBLISHING CO.,
Date of publication, distribution, etc. 2014.
300 ## - PHYSICAL DESCRIPTION
Extent 502:
Dimensions 20CM.
942 ## - ADDED ENTRY ELEMENTS (KOHA)
Koha item type Books
653 ## - INDEX TERM--UNCONTROLLED
Uncontrolled term Asomiya Sahitya
Holdings
Withdrawn status Lost status Damaged status Not for loan Collection code Home library Current library Shelving location Date acquired Total Checkouts Full call number Barcode Date last seen Date last checked out Copy number Price effective from Koha item type Public note
        TBASM Central Library and Information Centre Sibsagar Girls College Central Library and Information Centre Sibsagar Girls College Bezboruah Studies 15.07.2014 1 891.451 HAZ 30929 16.05.2025 18.03.2025 1 27.02.2020 Books V


Sibsagar Girl's College © 2020. All rights reserved.
Powered by Koha.
Maintained by Abhijit Borpuzari.